Návrh a simulácia výroby CPU bloku vodného chladenia
Salvato in:
| Autore principale: | |
|---|---|
| Altri autori: | |
| Natura: | Manoscritto Libro |
| Lingua: | slovacco |
| Pubblicazione: |
2015
|
| Soggetti: | |
| Accesso online: | http://is.stuba.sk/zp/portal_zp.pl?podrobnosti=104710 |
| Tags: |
Nessun Tag, puoi essere il primo ad aggiungerne!!
|
MARC
| LEADER | 00000ntm a22000003a 4500 | ||
|---|---|---|---|
| 001 | stuzp50881 | ||
| 003 | SK-STU | ||
| 005 | 20160719153709.2 | ||
| 007 | ta | ||
| 008 | 150427s2015----xo-----f-mn---000-0-slo-d | ||
| 040 | |a STU |b slo | ||
| 041 | 0 | |a slo | |
| 100 | 1 | |a Švantner, Tomáš |u 063000 |4 aut |U MTF Materiálovotechnologická fakulta |T MTF Ústav výrobných technológií |X 46993 |U M3000 |Y 83 |7 46993 | |
| 242 | 0 | 1 | |a Design and simulation of production of CPU water cooling block |y eng |
| 245 | 1 | 0 | |a Návrh a simulácia výroby CPU bloku vodného chladenia |
| 260 | |c 2015 | ||
| 650 | 4 | |a CAM |2 slo | |
| 650 | 4 | |a chladič |2 slo | |
| 650 | 4 | |a simulácia výroby |2 slo | |
| 650 | 4 | |a CAD |2 slo | |
| 650 | 4 | |a procesor |2 slo | |
| 650 | 4 | |a vodné chladenie |2 slo | |
| 650 | 4 | |a heat sink |2 eng | |
| 650 | 4 | |a CAM |2 eng | |
| 650 | 4 | |a water cooling |2 eng | |
| 650 | 4 | |a processor |2 eng | |
| 650 | 4 | |a simulation of production |2 eng | |
| 650 | 4 | |a CAD |2 eng | |
| 700 | 1 | |a Buranská, Eva |4 ths |X 28428 |7 28428 | |
| 856 | 4 | |u http://is.stuba.sk/zp/portal_zp.pl?podrobnosti=104710 | |
| 996 | |c M* BP-7443 |l MMSKP |s P |a 0 |w stuzp50881_0001 | ||
| SQL | |a stuzp50881 |b DBP |c SLO |d Návrh a simulácia výroby CPU bloku vodného chladenia |e 46993 |f Švantner, Tomáš |g 063000 |h 28428 |i Buranská, Eva |j 20150623 |k 174 |l 06 |m http://is.stuba.sk/zp/portal_zp.pl?podrobnosti=104710 |n B-PPT |o 5.2.51. výrobné technológie | ||